000 00323nam a2200097Ia 4500
008 220120s9999||||xx |||||||||||||| ||und||
100 _aCauvery B.R and others
_912628
245 0 _aFake currency detection using image processing and other sta
260 _aCoorg Institute of Technology
_bPonnampet
_c2016
650 _aMECHANICAL
999 _c138226
_d138226